In the footsteps of Marco Polo : (Record no. 517)

MARC details
000 -LEADER
fixed length control field 00803cam a2200277 i 4500
005 - DATE AND TIME OF LATEST TRANSACTION
control field 20260322212023.0
008 - FIXED-LENGTH DATA ELEMENTS--GENERAL INFORMATION
fixed length control field data
010 ## - LIBRARY OF CONGRESS CONTROL NUMBER
LC control number 80013964
020 ## - INTERNATIONAL STANDARD BOOK NUMBER
International Standard Book Number 0670396834 :
Terms of availability {dollar}16.95
020 ## - INTERNATIONAL STANDARD BOOK NUMBER
International Standard Book Number 9780670396832 :
Terms of availability {dollar}16.95
040 ## - CATALOGING SOURCE
Original cataloging agency DLC
Transcribing agency DLC
Modifying agency DLC
043 ## - GEOGRAPHIC AREA CODE
Geographic area code aw-----
050 00 - LIBRARY OF CONGRESS CALL NUMBER
Classification number DS49.7
Item number .R87
082 00 - DEWEY DECIMAL CLASSIFICATION NUMBER
Classification number 915.6/0448
092 ## - LOCALLY ASSIGNED DEWEY CALL NUMBER (OCLC)
Classification number 915.6 R87 1980
001 - CONTROL NUMBER
control field data
100 1# - MAIN ENTRY--PERSONAL NAME
Personal name Rutstein, Harry.
245 10 - TITLE STATEMENT
Title In the footsteps of Marco Polo :
Remainder of title a twentieth century odyssey /
Statement of responsibility, etc. Harry Rutstein & Joanne Kroll.
260 ## - PUBLICATION, DISTRIBUTION, ETC.
Place of publication, distribution, etc. New York :
Name of publisher, distributor, etc. Viking Press,
Date of publication, distribution, etc. 1980.
300 ## - PHYSICAL DESCRIPTION
Extent 128 p. :
Other physical details ill. ;
Dimensions 29 cm.
490 0# - SERIES STATEMENT
Series statement A Studio book
600 10 - SUBJECT ADDED ENTRY--PERSONAL NAME
Personal name Rutstein, Harry.
600 10 - SUBJECT ADDED ENTRY--PERSONAL NAME
Personal name Kroll, Joanne.
651 #0 - SUBJECT ADDED ENTRY--GEOGRAPHIC NAME
Geographic name Middle East
General subdivision Description and travel.
700 1# - ADDED ENTRY--PERSONAL NAME
Personal name Kroll, Joanne,
Relator term joint author.
Holdings
Withdrawn status Lost status Damaged status Not for loan Home library Current library Shelving location Date acquired Total checkouts Full call number Barcode Date last seen Price effective from Koha item type
        Franklin Franklin General stacks 22/03/2026   915.6/0448 BC0010529 22/03/2026 22/03/2026 Books